Štruktúra dlhodobého majetku a jeho vplyv na výsledok hospodárenia vo vybranej účtovnej jednotke bakalárska práca

Salvato in:
Dettagli Bibliografici
Autore principale: Kavecká, Romana
Ente Autore: Fakulta hospodárskej informatiky EU. Katedra účtovníctva a audítorstva
Altri autori: Palijová, Nikoleta, 1995-
Natura: Libro
Lingua:slovacco
Pubblicazione: Bratislava 2020
Tags: Aggiungi Tag
Nessun Tag, puoi essere il primo ad aggiungerne!!

MARC

LEADER 00000nbm a2200000 4500
001 0264621
005 20210427213211.1
041 0 |a slo 
044 |a SK 
245 1 0 |a Štruktúra dlhodobého majetku a jeho vplyv na výsledok hospodárenia vo vybranej účtovnej jednotke  |b bakalárska práca  |c Romana Kavecká ; školiteľ: Nikoleta Palijová 
264 1 |a Bratislava  |c 2020 
300 |a 55 s. 
100 1 |a Kavecká, Romana 
700 1 |a Palijová, Nikoleta, 1995- 
710 2 |a Fakulta hospodárskej informatiky EU. Katedra účtovníctva a audítorstva